| 000 | 00466nam a22001697a 4500 | ||
|---|---|---|---|
| 003 | BD-ChCU | ||
| 005 | 20251228091802.0 | ||
| 008 | 251228b bg ||||| |||| 00| 0 ben d | ||
| 040 | _cBD-ChCU | ||
| 082 | _a910.02 STI | ||
| 100 |
_aStrahler, Arthur N _918352 |
||
| 245 |
_aIntroduction to physical geography.// _cArthur N. Strahler. |
||
| 260 |
_aNew York _bJohn Wiley. _c1965 |
||
| 300 | _aix, 455p | ||
| 650 | 0 |
_aPhysical Geography. _918353 |
|
| 942 |
_2ddc _cBK _n0 |
||
| 999 |
_c110560 _d110560 |
||